000
00273nam a22001097a 4500
999
_c
13952
_d
13952
082
_a
621.31GUP
100
_a
Gupta M L
245
_a
Workshop Practice in Electrical Engineering
260
_a
New Delhi
_b
Matropolitan Books Co Ltd.
_c
1984
300
_a
XVI,373P
942
_c
BK